000 00275nam a22001217a 4500
008 230704b xxu||||| |||| 00| 0 eng d
082 _a362.1
_bWHO 1988
245 _aWorld Health Forum
260 _bWHO
_c1988
300 _a282p
440 _n2
_v9
_x02512432
942 _2ddc
_cBK
999 _c3771
_d3771